Guess the Movie from the Cast #8 - Statistics

General Stats
  • This quiz has been taken 133 times
  • The average score is 6 of 10
Answer Stats
Hint Answer % Correct
Chris Pratt / Zoe Saldaña / Dave Bautista / Vin Diesel Guardians of the Galaxy
84%
Brad Pitt / Mélanie Laurent / Christoph Waltz / Michael Fassbender Inglourious Basterds
73%
Jackie Chan / Chris Tucker / Tom Wilkinson / Tzi Ma Rush Hour
72%
Audrey Hepburn / George Peppard / Patricia Neal / Buddy Ebsen Breakfast at Tiffany's
58%
Liam Neeson / Ben Kingsley / Ralph Fiennes / Caroline Goodall Schindler's List
58%
Fionn Whitehead / Tom Glynn-Carney / Harry Styles / Cillian Murphy Dunkirk
55%
Tom Hardy / Michelle Williams / Riz Ahmed / Scott Haze Venom
53%
Tom Hanks / Michael Clarke Duncan / David Morse / Bonnie Hunt The Green Mile
52%
Tom Cruise / Max von Sydow / Colin Farrell / Samantha Morton Minority Report
34%
Natalie Portman / Scarlett Johansson / Eric Bana / Jim Sturgess The Other Boleyn Girl
17%
No matching quizzes found
Score Distribution
Percent of People with Each Score
Percentile by Number Answered
Your Score History
You have not taken this quiz